[Event "Let's Play Chess!"]
[Site "http://www.queenalice.com/game.php?id=283350"]
[Date "2007.10.9"]
[Round "-"]
[White "spawnwolfwolverine"]
[Black "Runemaster"]
[Result "0-1"]
[WhiteElo "1664"]
[BlackElo "1914"]

1. c4 c5 2. e4 Nc6 3. d3 e5 4. Nf3 Nf6 5. Bg5 Be7 6. Be2 h6 7. Bxf6 Bxf6 8. O-O
O-O 9. Nc3 d6 10. Nd5 Be6 11. Nxf6+ Qxf6 12. a3 Qg6 13. Kh1 f5 14. Rb1 fxe4 0-1

[Event "Let's Play Chess!"]
[Site "http://www.queenalice.com/game.php?id=285578"]
[Date "2007.10.13"]
[Round "-"]
[White "CampbellMarcel"]
[Black "Runemaster"]
[Result "0-1"]
[WhiteElo "1813"]
[BlackElo "1944"]

1. e4 e5 2. Nf3 Nc6 3. Bc4 Bc5 4. O-O Nf6 5. Nc3 O-O 6. h3 d6 7. Re1 Kh8 8. a3
Ng8 9. b4 Bb6 10. b5 Na5 11. Ba2 f5 12. Bb2 fxe4 13. Nxe4 d5 14. Ng3 e4 15.
Bxg7+ Kxg7 16. Nh5+ Kh8 17. Ne5 Bxf2+ 18. Kh1 Bxe1 19. Qxe1 Qg5 20. Bxd5 Qxe5
21. Bxe4 Qxh5 22. Ra2 c6 23. Qa1+ Nf6 24. c4 Bxh3 25. gxh3 Qxh3+ 26. Kg1 Rg8+
0-1

[Event "Let's Play Chess!"]
[Site "http://www.queenalice.com/game.php?id=286948"]
[Date "2007.10.15"]
[Round "-"]
[White "Runemaster"]
[Black "spawnwolfwolverine"]
[Result "1-0"]
[WhiteElo "1989"]
[BlackElo "1605"]

1. e4 e5 2. Nf3 d6 3. d4 exd4 4. Qxd4 Be7 5. Qxg7 Bf6 6. Qg3 Nc6 7. Bg5 Bd7 8.
Bc4 Qe7 9. O-O Bxg5 10. Nxg5 Nh6 11. Qf4 f6 12. Nf3 Nf7 13. Nc3 O-O-O 14. Nd5
Qf8 15. Nxf6 Nfe5 16. Nxe5 Nxe5 17. Bb3 Qe7 18. Nd5 Qf8 19. Qg3 Be6 20. Nb6+
cxb6 21. Bxe6+ Kb8 22. f4 Nd7 23. Rad1 Nc5 24. Bd5 Re8 25. b4 Nxe4 26. Qf3 1-0

[Event "Let's Play Chess!"]
[Site "http://www.queenalice.com/game.php?id=289999"]
[Date "2007.10.20"]
[Round "-"]
[White "Runemaster"]
[Black "CampbellMarcel"]
[Result "1-0"]
[WhiteElo "2010"]
[BlackElo "1762"]

1. e4 e5 2. Nf3 Nc6 3. Bc4 Nf6 4. O-O Bc5 5. c3 Nxe4 6. d4 exd4 7. Qe2 d5 8.
cxd4 Nxd4 9. Nxd4 Bxd4 10. Rd1 Bxf2+ 11. Kf1 O-O 12. Bxd5 Qf6 13. Qxe4 c6 14.
Bb3 Bd4+ 15. Qf3 Qxf3+ 16. gxf3 Bh3+ 17. Ke2 Rfe8+ 18. Kd3 Rad8 19. Nc3 Be3+ 20.
Kc2 Bf5+ 21. Ne4 Rxd1 22. Kxd1 Bxe4 23. fxe4 Rxe4 24. Bxe3 Rxe3 25. Kd2 Rf3 26.
Re1 Kf8 27. Re3 Rf6 28. Bc4 b5 29. Be2 Re6 30. Rxe6 fxe6 31. Bf3 c5 32. Kc3 Ke7
33. a3 Kd6 34. h4 a5 35. Be2 b4+ 36. Kc4 Kc6 37. Bf3+ Kb6 38. h5 g6 39. h6 bxa3
40. bxa3 e5 41. Be4 a4 42. Bxg6 1-0

[Event "Let's Play Chess!"]
[Site "http://www.queenalice.com/game.php?id=290513"]
[Date "2007.10.22"]
[Round "-"]
[White "Runemaster"]
[Black "BrunoBr"]
[Result "1-0"]
[WhiteElo "1991"]
[BlackElo "1742"]

1. e4 e6 2. Nf3 d5 3. Nc3 Nf6 4. e5 Nfd7 5. d4 c5 6. dxc5 Bxc5 7. Bb5 O-O 8. Bg5
Qa5 9. O-O f6 10. exf6 Nxf6 11. Re1 Bb4 12. Bxf6 Rxf6 13. Qd3 Bxc3 14. Qxc3 Qxb5
15. Qxc8+ Rf8 16. Qxe6+ Kh8 17. Nd4 Qd7 18. Rad1 Rd8 19. Qxd7 Nxd7 20. Ne6 Re8
21. Nc7 Rxe1+ 22. Rxe1 Rd8 23. Nxd5 Nf6 24. Nxf6 gxf6 25. f3 Kg7 26. Kf2 Rd2+
27. Re2 Rxe2+ 28. Kxe2 Kf7 29. c4 Ke6 30. f4 a6 31. b4 Kd6 32. a4 b5 33. axb5
axb5 34. cxb5 Kc7 35. Kd3 Kb6 36. Kc4 h6 37. g4 Kb7 38. Kc5 Kb8 39. h4 Kb7 40.
g5 fxg5 41. fxg5 hxg5 42. hxg5 1-0

[Event "Let's Play Chess!"]
[Site "http://www.queenalice.com/game.php?id=292854"]
[Date "2007.10.25"]
[Round "-"]
[White "Runemaster"]
[Black "CampbellMarcel"]
[Result "1-0"]
[WhiteElo "2027"]
[BlackElo "1815"]

1. e4 c5 2. Nf3 a6 3. d4 cxd4 4. Nxd4 e5 5. Nf3 d6 6. Bc4 h6 7. O-O Bg4 8. Be3
Nf6 9. h3 Bh5 10. Nc3 b5 11. Bb3 Be7 12. g4 Nxg4 13. hxg4 Bxg4 14. Kg2 Bh4 15.
Bxf7+ Kxf7 16. Qd5+ Be6 17. Qxa8 Qf6 18. Nxh4 Qxh4 19. Qb7+ Kg6 20. Rh1 Qg4+ 21.
Kf1 Qf3 22. Rg1+ Kh5 23. Qe7 Bh3+ 24. Ke1 Rf8 25. Qxg7 Rf6 26. Qg3 Qxg3 27. Rxg3
1-0

[Event "Let's Play Chess!"]
[Site "http://www.queenalice.com/game.php?id=294555"]
[Date "2007.10.28"]
[Round "-"]
[White "lucianovdemelo"]
[Black "Runemaster"]
[Result "0-1"]
[WhiteElo "1482"]
[BlackElo "2046"]

1. d4 d5 2. c4 dxc4 3. Nc3 a6 4. Nf3 Nf6 5. Bf4 e6 6. e3 b5 7. Be2 Bd6 8. O-O
Bxf4 9. exf4 c5 10. dxc5 Qc7 11. Qd4 Nc6 12. Qe3 Ng4 13. Qe4 f5 14. Qc2 Qxf4 15.
h3 Nf6 16. g3 Qh6 17. h4 O-O 18. Kg2 Bb7 19. b3 Nd4 20. Qd2 Rfd8 21. bxc4 Qxd2
22. Rad1 Bxf3+ 23. Bxf3 Qxc3 24. Bxa8 Rxa8 25. f4 Ne2 26. Rfe1 Qxg3+ 27. Kf1
Qf3# 0-1

[Event "Let's Play Chess!"]
[Site "http://www.queenalice.com/game.php?id=295575"]
[Date "2007.10.30"]
[Round "-"]
[White "Runemaster"]
[Black "Slazenger"]
[Result "1-0"]
[WhiteElo "2046"]
[BlackElo "1553"]

1. e4 e5 2. Nf3 d6 3. d4 exd4 4. Nxd4 Nf6 5. Nc3 c6 6. Bc4 d5 7. exd5 cxd5 8.
Bb3 Bc5 9. Bg5 h6 10. Bh4 g5 11. Bg3 Qe7+ 12. Qe2 Qxe2+ 13. Ncxe2 Be6 14. Be5
Bxd4 15. Nxd4 Nbd7 16. Nxe6 fxe6 17. Bc3 O-O 18. O-O Nc5 19. f4 Nxb3 20. axb3
Nh7 21. Be5 Rac8 22. Rxa7 Rxc2 23. Rxb7 gxf4 24. Re7 Nf6 25. Rxe6 Re8 26. Rxe8+
Nxe8 27. Rxf4 Rc1+ 28. Kf2 Rc2+ 29. Kg3 Re2 30. Bc3 Re3+ 31. Rf3 Re7 32. b4 Nd6
33. Kh4 Re4+ 34. g4 d4 35. Bd2 Kg7 36. Rf4 Rxf4 37. Bxf4 Nc4 38. b3 Na3 39. Be5+
Kg6 40. Bxd4 Nc2 41. Bc5 Na1 42. Be3 Nxb3 43. b5 Na5 44. b6 Nb7 45. g5 h5 46. h3
Nd6 47. Kg3 Nf7 48. b7 1-0

[Event "Let's Play Chess!"]
[Site "http://www.queenalice.com/game.php?id=300162"]
[Date "2007.11.8"]
[Round "-"]
[White "Runemaster"]
[Black "CampbellMarcel"]
[Result "1/2-1/2"]
[WhiteElo "2046"]
[BlackElo "1742"]

1. e4 c5 2. c4 Nc6 3. Nc3 e6 4. Nf3 Nge7 5. g3 Nd4 6. Bg2 Nxf3+ 7. Bxf3 Nc6 8.
O-O Nd4 9. Bg2 a6 10. d3 e5 11. Nd5 h6 12. f4 d6 13. b4 b5 14. fxe5 dxe5 15. Qh5
Qd6 16. Qxf7+ Kd8 17. bxc5 Qxc5 18. Be3 Be6 19. Bxd4 Qxd4+ 20. Qf2 Bc5 21. Rac1
Qxf2+ 22. Rxf2 Bxf2+ 23. Kxf2 Rf8+ 24. Ke3 Bxd5 25. exd5 Rc8 26. Bh3 Rc5 27. Rc2
bxc4 28. dxc4 g5 29. Ke4 Re8 30. Be6 Re7 31. Kxe5 Rec7 32. Kd4 Ra5 33. Ke5 Ke7
34. Kf5 Kf8 35. Kg6 Ra4 36. Rf2+ Ke7 37. Kxh6 g4 38. Rf7+ Kd6 39. c5+ Rxc5 40.
Rd7+ Ke5 41. Re7 Kd6 42. Rd7+ Ke5 43. Re7 Kd6 1/2-1/2

[Event "Let's Play Chess!"]
[Site "http://www.queenalice.com/game.php?id=304992"]
[Date "2007.11.16"]
[Round "-"]
[White "Runemaster"]
[Black "gamelover"]
[Result "1-0"]
[WhiteElo "2039"]
[BlackElo "1948"]

1. e4 e6 2. d4 d5 3. Nc3 Bb4 4. Bd2 dxe4 5. Nxe4 Qxd4 6. Nc3 Nf6 7. Nf3 Qd8 8.
a3 Be7 9. Bc4 O-O 10. O-O c5 11. Qe2 a6 12. Rad1 Nbd7 13. Rfe1 b5 14. Ba2 Bb7
15. Ne5 1-0

[Event "Let's Play Chess!"]
[Site "http://www.queenalice.com/game.php?id=309255"]
[Date "2007.11.24"]
[Round "-"]
[White "elche"]
[Black "Runemaster"]
[Result "0-1"]
[WhiteElo "1708"]
[BlackElo "2035"]

1. e4 e5 2. Nf3 Nc6 3. Bc4 Bc5 4. c3 Nf6 5. O-O Nxe4 6. Nxe5 Nxe5 7. d3 Nxc4 8.
dxe4 d6 9. b3 Ne5 10. a4 a6 11. Bf4 Qf6 12. Bxe5 Qxe5 13. b4 Bxb4 14. Qd5 Qxd5
15. exd5 Bc5 16. Re1+ Kd7 17. Nd2 Re8 18. c4 Rxe1+ 0-1

[Event "Quiseramos um dia jogar como kas"]
[Site "http://www.queenalice.com/game.php?id=322313"]
[Date "2007.12.19"]
[Round "-"]
[White "limaosiciliano"]
[Black "Runemaster"]
[Result "0-1"]
[WhiteElo "1419"]
[BlackElo "2028"]

1. e4 e5 2. Nf3 Nc6 3. d4 exd4 4. Nxd4 Qh4 5. Nb5 Bc5 6. Qe2 Bb6 7. Nd2 a6 8.
Nf3 Qf6 9. Nc3 d6 10. Nd5 Qg6 11. Nxb6 cxb6 12. Bf4 Bg4 13. O-O-O Ne5 14. h3
Bxf3 15. gxf3 Ne7 16. Qe3 Nc8 17. Be2 Qe6 18. Kb1 O-O 19. Bh2 b5 0-1

[Event "Let's Play Chess!"]
[Site "http://www.queenalice.com/game.php?id=322394"]
[Date "2007.12.20"]
[Round "-"]
[White "Runemaster"]
[Black "YouLoseSorry"]
[Result "1-0"]
[WhiteElo "2028"]
[BlackElo "1628"]

1. e4 e5 2. Nf3 d6 3. d4 d5 4. exd5 Qxd5 5. Nc3 Qa5 6. dxe5 f6 7. exf6 gxf6 8.
Bc4 Ne7 9. O-O Qb4 10. Bb3 Qb6 11. Be3 c5 12. Re1 c4 13. Ba4+ Bd7 14. Bxb6 axb6
15. Bxd7+ Nxd7 16. Qe2 Rc8 17. Nd5 Ne5 18. Nxe7 Bxe7 19. Nxe5 fxe5 20. Qxe5 O-O
21. Qxe7 Rf7 22. Qg5+ Kf8 23. Qh6+ Kg8 24. Re5 Rd8 25. Rg5+ Kh8 26. Qe6 Rfd7 27.
Qf6+ Rg7 28. Qxg7# 1-0

[Event "Let's Play Chess!"]
[Site "http://www.queenalice.com/game.php?id=322968"]
[Date "2007.12.20"]
[Round "-"]
[White "Runemaster"]
[Black "spawnwolfwolverine"]
[Result "1-0"]
[WhiteElo "2028"]
[BlackElo "1772"]

1. e4 e5 2. Nf3 d6 3. d4 exd4 4. Nxd4 Bd7 5. Bc4 Nf6 6. O-O Be7 7. Re1 O-O 8.
Qe2 a6 9. Bg5 b5 10. Bb3 c5 11. e5 dxe5 12. Qxe5 cxd4 13. Qxe7 Qxe7 14. Rxe7 b4
15. Nd2 a5 16. Bxf6 gxf6 17. Ne4 a4 18. Nxf6+ Kg7 19. Nxd7 Nxd7 20. Rxd7 axb3
21. cxb3 Rfd8 22. Rxd8 Rxd8 23. Rd1 Kf6 24. f3 Ke5 25. g3 f5 26. Kf2 h5 27. a4
f4 28. Re1+ Kf5 29. gxf4 Kxf4 30. Re4+ Kf5 31. Ke2 h4 32. Rxh4 d3+ 33. Kd2 Kg5
34. Rxb4 Kf5 35. a5 Ke5 36. a6 Rd7 37. Rb7 Rxb7 38. axb7 Kf4 39. Kxd3 Kxf3 40.
b8=Q Kg2 41. Qg8+ Kxh2 42. Ke3 Kh3 43. Kf3 Kh2 44. Qg2# 1-0

[Event "176"]
[Site "http://www.queenalice.com/game.php?id=328745"]
[Date "2008.1.1"]
[Round "-"]
[White "Runemaster"]
[Black "phystutordotcom"]
[Result "1/2-1/2"]
[WhiteElo "2027"]
[BlackElo "2015"]

1. e4 g6 2. d4 Bg7 3. Nf3 d6 4. Bc4 Nc6 5. O-O e5 6. d5 Nce7 7. Nc3 f5 8. Bg5 h6
9. Bxe7 Qxe7 10. exf5 gxf5 11. Ne1 Nf6 12. f4 e4 13. g3 Ng4 14. Qd2 h5 15. Ng2
Qf6 16. Nb5 Qe7 17. Nd4 a6 18. Nh4 Qf7 19. Ne6 Bxe6 20. dxe6 Qf6 21. c3 O-O-O
22. Qd5 c6 23. Qa5 Ne3 24. Bxa6 Qxe6 25. Bxb7+ Kxb7 26. Qb4+ Kc7 27. Qa5+ Kb7
28. Qb4+ Kc8 29. Qb6 Nxf1 30. Qxc6+ Kb8 31. Qb6+ 1/2-1/2

[Event "177"]
[Site "http://www.queenalice.com/game.php?id=328746"]
[Date "2008.1.7"]
[Round "-"]
[White "phystutordotcom"]
[Black "Runemaster"]
[Result "0-1"]
[WhiteElo "2044"]
[BlackElo "2010"]

1. Nf3 d5 2. d3 Nf6 3. Nbd2 Nc6 4. g3 e5 5. e4 dxe4 6. dxe4 Bc5 7. Bg2 Ng4 8.
O-O O-O 9. h3 Nh6 10. Nc4 Qf6 11. Bxh6 Qxh6 12. Nfxe5 Nxe5 13. Nxe5 Bxh3 14. Qf3
Rae8 15. Ng4 Bxg4 16. Qxg4 Re5 17. Rae1 Rg5 18. Qf4 Bb6 19. Re2 f5 20. exf5
Rfxf5 21. Re8+ Kf7 22. Qe4 Qf6 23. Qe2 Rxg3 24. Re4 Rfg5 0-1

[Event "Let's Play Chess!"]
[Site "http://www.queenalice.com/game.php?id=329314"]
[Date "2008.1.1"]
[Round "-"]
[White "bebop1"]
[Black "Runemaster"]
[Result "1-0"]
[WhiteElo "1937"]
[BlackElo "2051"]

1. d4 d5 2. Nf3 Nf6 3. c4 dxc4 4. e3 e6 5. Bxc4 c5 6. O-O cxd4 7. exd4 Be7 8.
Nc3 O-O 9. Re1 Qc7 10. Qe2 Nc6 11. Bg5 Rd8 12. Rad1 a6 13. a3 b5 14. Ba2 Bb7 15.
d5 exd5 16. Nxd5 Nxd5 17. Bxd5 Bxg5 18. Nxg5 h6 19. Bxf7+ Kh8 20. Rxd8+ Rxd8 21.
Qe8+ Rxe8 22. Rxe8# 1-0

[Event "Challenge"]
[Site "http://www.queenalice.com/game.php?id=333896"]
[Date "2008.1.9"]
[Round "-"]
[White "DenisDiaz"]
[Black "Runemaster"]
[Result "1-0"]
[WhiteElo "2042"]
[BlackElo "2026"]

1. e4 e5 2. Nf3 Nc6 3. Bb5 a6 4. Ba4 Nf6 5. O-O b5 6. Bb3 Bb7 7. d3 Be7 8. Nc3
O-O 9. a3 b4 10. Nd5 Nxd5 11. Bxd5 Qc8 12. axb4 Nxb4 13. Bxb7 Qxb7 14. Nxe5 Qb5
15. Nc4 f5 16. Ra5 Qc6 17. c3 d5 18. Ne3 fxe4 19. dxe4 dxe4 20. cxb4 Bxb4 21.
Qb3+ 1-0

[Event "Let's Play Chess!"]
[Site "http://www.queenalice.com/game.php?id=335329"]
[Date "2008.1.17"]
[Round "-"]
[White "Runemaster"]
[Black "OrlandoRochaFilho"]
[Result "0-1"]
[WhiteElo "2028"]
[BlackElo "1968"]

1. e4 c5 2. Nf3 d6 3. d4 cxd4 4. Nxd4 Nf6 5. Nc3 a6 6. Bc4 e6 7. Bg5 Be7 8. Nf3
Qc7 9. Bb3 Nc6 10. O-O O-O 11. h3 b5 12. a4 b4 13. Ne2 Bb7 14. Qd2 Nxe4 15. Qf4
Nxg5 16. Nxg5 Na5 17. Bxe6 Bxg5 18. Bxf7+ Rxf7 19. Qxg5 Rf6 20. Nf4 Qc6 21. Rad1
Rxf4 22. f3 Raf8 23. Qxa5 Qxc2 24. Qc7 Qxc7 0-1

[Event "181"]
[Site "http://www.queenalice.com/game.php?id=341740"]
[Date "2008.1.23"]
[Round "-"]
[White "phystutordotcom"]
[Black "Runemaster"]
[Result "1-0"]
[WhiteElo "1995"]
[BlackElo "1992"]

1. Nf3 d5 2. d3 Nc6 3. Nbd2 e5 4. e4 Nf6 5. g3 Bb4 6. c3 Bc5 7. b4 Bb6 8. Bg2
O-O 9. O-O Bg4 10. h3 Bh5 11. Qb3 a5 12. b5 Ne7 13. Nxe5 c6 14. a4 Qc7 15. d4
Rfd8 16. g4 1-0

[Event "Let's Play Chess!"]
[Site "http://www.queenalice.com/game.php?id=342380"]
[Date "2008.1.25"]
[Round "-"]
[White "Runemaster"]
[Black "Raul2008"]
[Result "0-1"]
[WhiteElo "2010"]
[BlackElo "1970"]

1. e4 c5 2. Nf3 Nc6 3. c3 Nf6 4. d4 cxd4 5. cxd4 Nxe4 6. d5 Qa5+ 7. Ke2 Nb4 8.
a3 Nxd5 9. Nbd2 Nxd2 10. Bxd2 Qa6+ 11. Ke1 Qe6+ 12. Be2 b6 13. Nd4 Qe5 14. Qa4
Bb7 15. Nf3 Qd6 16. Bc4 e6 17. Rc1 Be7 18. Bxd5 Qxd5 19. Ke2 Bc6 20. Qg4 Qb5+
21. Kd1 O-O 22. Bc3 Qa4+ 23. Qxa4 Bxa4+ 24. Kd2 Rac8 25. Rhe1 f6 26. Re4 Bc6 27.
Re3 Bxf3 28. Rxf3 Rc6 29. Rd3 d5 30. Re1 Kf7 31. Re2 Rd8 32. Rh3 h6 33. Rhe3 d4
0-1